000 00762nam a22002657a 4500
005 20250523114435.0
008 250523b |||||||| |||| 00| 0 eng d
037 _cTB
040 _aLCT
_cLCT
041 _2eng
_aeng
_heng
084 _aZ2,12 Q9
100 _aSaxena, Poonam Pradhan
_9784458
245 _aFamily Law-II:
250 _a4th edition
260 _a Gurgaon, India:
_bLexis Nexis,
_c2019 (rp)
300 _aLxi, 627p.
650 _2Family Law II
650 _aFamily Law
_9784459
650 _2 Succession
650 _2Testamentary and intestate succession
650 _2Gifts, and religious endowments.
650 _2Hindus law
650 _2Muslims law
942 _2CC
_cTB
_hZ2,12 Q9
_n0
999 _c1430951
_d1430951